000 00203 a2200109 4500
020 _a9781641569286
041 _aspa
100 _aTammy Brown
245 _aJuegos Favoritos
942 _cBK
952 _71
999 _c23777
_d23777